01016nam a2200277Ia 4500003000400000005001700004006001800021007000300039008004100042024001100083037001100094040001800105041001300123100003100136110008100167245017200248260000900420300001800429650002500447700003300472700003300505700008100538942001200619999001900631952008800650OSt20220930081830.0a|||||r|||| 00| 0ta220926b |||||||| |||| 00| 0 eng d a109108 cTheses aCRLcCRLbeng 2engaeng aGupta Suneel Kumar9542183 aUniversity of Delhi. Faculty of Medical Sciences. Department of Neurosurgery 0aStudy of cerebrospinal fluid and tumor cyst fluid lactate dehydrogenase and creatinine phosphokinase in patients with brain tumors and infections of cerebrospinal axis c2007 a43p.ap.ccm. aNEUROSCIENCES928635 a Dr. Ajay Sharma Gu.9538299 a Dr. V. K. Gupta Gu.9534351 aUniversity of Delhi. Faculty of Medical Sciences. Department of Neurosurgery cDIS2CC c872071d872071 00104070aCRLbCRLd2022-09-30l0pTH0017861r2022-09-30 00:00:00w2022-09-30yTH